Ricostruisci la Carriera del Calciatore - Vitolo - Statistics

Statistiche generali
  • Questo quiz è stato fatto 2 volte
  • Il punteggio medio è 3 su 8
Statistiche sulle risposte
Hint Risposta % Corretto
2010-2013 Las Palmas
100%
2018-2021 Atlético Madrid
50%
2017-2018 Las Palmas
50%
2008-2010 Las Palmas Atlético
50%
2023- Atlético Madrid
0%
2021-2022 Getafe
0%
2022-2023 Las Palmas
0%
2013-2017 Siviglia
0%
Nessun quiz corrispondente trovato
Distribuzione punteggi
Percentuale di utenti per punteggio
Percentile per numero di risposta
I tuoi punteggi nel tempo
Non hai fatto questo quiz